Guess the airbus plane by picture - Statistics

General Stats
  • This quiz has been taken 216 times
  • The average score is 10 of 12
Answer Stats
Picture Answer % Correct
A380
99%
A320
98%
A350
98%
A340
97%
A330
95%
A321
92%
A319
90%
A318
87%
A310
77%
A220
76%
A300
76%
A400M
49%
No matching quizzes found
Score Distribution
Percent of People with Each Score
Percentile by Number Answered
Your Score History
You have not taken this quiz